000 00295nam a22001337a 4500
008 181025b xxu||||| |||| 00| 0 eng d
020 _a9781579229900
041 _aeng
080 _a370
100 _a48
101 _aEDU
245 _aLearning Trough Serving
_cCress.CH.M
942 _2udc
_cBK
999 _c50909
_d50909